LEADER 01715nam 2200445 450 001 000001207 005 20070503173400.0 100 $a--------d1817----km-y0itay0103----ba 101 0 $aeng 102 $aGB 200 1 $aCuriosities of literature$f[I. D'Israeli] 200 1 $a1 $n0004891 205 $aSixth ed. 210 $aLondon$cMurray$d1817 215 $a3 v.$d22 cm. 327 $aVol.1$aVol.2$aVol.3 606 $aLetteratura inglese 676 $a828.7 801 0$aIT$bUniversità della Basilicata - B.I.A.$gRICA$2unimarc 912 $a000001207 996 $aCuriosities of literature$970152 997 $aUNIBAS BAS $aMONLET BAS $aMONOGR BAS $aLETTERE CAT $aSLAGUARDIA$b01$c19990708$lBAS01$h1317 CAT $aDILEO$b20$c19990721$lBAS01$h1528 CAT $c20000913$lBAS01$h1424 CAT $c20000920$lBAS01$h1828 CAT $c20001010$lBAS01$h1631 CAT $c20050601$lBAS01$h1752 CAT $abatch$b01$c20050718$lBAS01$h1047 CAT $c20050718$lBAS01$h1106 CAT $c20050718$lBAS01$h1136 CAT $c20050718$lBAS01$h1150 CAT $aBATCH$b00$c20070503$lBAS01$h1734 FMT Z30 -1$lBAS01$LBAS01$mBOOK$1BASA1$APolo Storico-Umanistico$2GEN$BCollezione generale$3FM/2056$9FM/2056$62056$5L2056$819990709$b1$f02$FPrestabile Generale$hVol.1. Pagg. X, 537 Z30 -1$lBAS01$LBAS01$mBOOK$1BASA1$APolo Storico-Umanistico$2GEN$BCollezione generale$3FM/2057$9FM/2057$62057$5L2057$819990709$b2$f02$FPrestabile Generale$hVol.2. Pagg. VI, 520 Z30 -1$lBAS01$LBAS01$mBOOK$1BASA1$APolo Storico-Umanistico$2GEN$BCollezione generale$3FM/2058$9FM/2058$62058$5L2058$819990709$b3$f02$FPrestabile Generale$hVol.3. Pagg. IV, 483 LEADER 03868nam1 22006013i 450 001 SBL0506190 005 20251003044355.0 100 $a19910930g1949 ||||0itac50 ba 101 | $aita$cita 102 $ait 181 1$6z01$ai $bxxxe 182 1$6z01$an 183 1$6z01$anc$2RDAcarrier 200 1 $aCorso di economia politica$fC. Bresciani-Turroni 210 $aMilano$cA. Giuffrè 215 $avolumi$d25 cm. 463 1$1001FER0100758$12001 $aˆ2: ‰Problemi di politica economica$emoneta, credito e banche ...$fC. Bresciani-Turroni$v2 463 1$1001LIG0032641$12001 $aˆ2: ‰Problemi di politica economica$emoneta, credito e banche, commercio internazionale, cambi esteri, stabilità monetaria, risparmio e investimenti, collaborazione economica internazionale$fC. Bresciani-Turroni$v2 463 1$1001MIL0596481$12001 $aˆ2: ‰Problemi di politica economica$emoneta, credito e banche, commercio internazionale, cambi esteri, stabilità monetaria, risparmio e investimenti$v2 463 1$1001MOD0332367$12001 $aˆ1: ‰Teoria generale dei fatti economici$fC. Bresciani-Turroni$v1 463 1$1001PUV0249327$12001 $aˆ2: ‰Problemi speciali$emoneta, credito e banche, commercio internazionale, cambi esteri, forme di mercato$fC. Bresciani-Turroni 463 1$1001PUV0830401$12001 $aˆVol. 2.: ‰Problemi di politica economica$emoneta, credito e banche, commercio internazionale ...$fC. Bresciani-Turroni$v2 463 1$1001SBL0506191$12001 $aˆ1: ‰Teoria generale dei fatti economici$fC. Bresciani-Turroni$v1 463 1$1001UBO4256809$12001 $aˆ2: ‰Problemi di politica economica: moneta, credito e banche, commercio internazionale, cambi esteri, stabilita monetaria, risparmio e investimenti, collaborazione economica internazionale$fC. Bresciani-Turroni$v2 463 1$1001UFI0208294$12001 $aˆ1: ‰Teoria generale dei fatti economici$fC. Bresciani-Turroni$v1 463 1$1001UFI0208295$12001 $aˆ2: ‰Problemi speciali$emoneta, credito e banche, risparmio e investimenti, commercio internazionale, cambi esteri, forme di mercato$fC. Bresciani-Turroni$v2 463 1$1001UFI0209894$12001 $aˆ1: ‰Teoria generale dei fatti economici$fC. Bresciani-Turroni$v1 463 1$1001VEA0056933$12001 $aˆ2: ‰Problemi di politica economica$emoneta, credito e banche, commercio internazionale, cambi esteri, stabilita monetaria, risparmio e investimenti, collaborazione economica internazionale$fC. Bresciani Turroni$v2 500 10$aCorso di economia politica.$3PUV0589900$9RAVV061177$935376 606 $aPolitica economica$2FIR$3CFIC001692$9E 676 $a330$9Economia$v14 676 $a330$9ECONOMIA$v16 676 $a330$9SCIENZE ECONOMICHE$v20 676 $a330$9ECONOMIA$v21 676 $a330$9ECONOMIA$v23 676 $a338.9$9SVILUPPO ECONOMICO$v22 676 $a339$9MACROECONOMIA E ARGOMENTI CONNESSI$v19 676 $a339.5$9POLITICA MACROECONOMICA$v20 686 $aX09.1$cTEORIA ECONOMICA$2R 700 1$aBresciani Turroni$b, Costantino$3RAVV061177$4070$0102747 790 1$aBresciani$b, Costantino$3TO0V421610$zBresciani Turroni, Costantino 790 1$aBresciani$b, C.$3TO0V421612$zBresciani Turroni, Costantino 801 3$aIT$bIT-000000$c19910930 850 $aIT-BN0095 $aIT-NA0013 901 $bNAP 01$cD $n$ 901 $bNAP GI$cMODERNA $n$ 901 $bNAP 01$cPOZZO LIB.$nVi sono collocati fondi di economia, periodici di ingegneria e scienze, periodici di economia e statistica e altri fondi comprendenti documenti di economia pervenuti in dono. 912 $aSBL0506190 950 1$aBiblioteca Centralizzata di Ateneo$d 01D (AR) 5 148$bv. 1-2$cv. 1-2$d 01POZZO LIB.ECON MON 9921 967 $m12 977 $a 01$a GI 996 $aCorso di economia politica$935376 997 $aUNISANNIO